Bayern Munich - Tous les joueurs (2010-2020) - Statistiques

Statistiques générales
  • Ce quiz a été pris 2 066 fois
  • Le résultat moyen est 33 sur 86
Statistiques - réponses
Saisons Nationalité Joueur Nb de matchs % Correct
2010-2019 France Franck Ribéry 201
97%
2011-2020 Allemagne Manuel Neuer 249
97%
2014-2020 Pologne Robert Lewandowski 190
97%
2010-2020 Allemagne Thomas Müller 313
97%
2010-2019 Pays-Bas Arjen Robben 177
96%
2010-2020 Autriche David Alaba 245
96%
2015-2020 France Kingsley Coman 108
91%
2011-2020 Allemagne Jérôme Boateng 200
89%
2015-2020 Allemagne Joshua Kimmich 116
89%
2010-2017 Allemagne Philipp Lahm 194
87%
2018-2020 Canada Alphonso Davies 35
83%
2015-2018 Chili Arturo Vidal 79
83%
2019-2020 France Benjamin Pavard 32
81%
2013-2020 Espagne Thiago 150
80%
2016-2019 Allemagne Mats Hummels 74
77%
2019-2020 France Lucas Hernandez 19
75%
2012-2020 Espagne Javi Martinez 146
73%
2018-2020 Allemagne Serge Gnabry 61
73%
2018-2020 Allemagne Leon Goretzka 54
71%
2017-2019 Colombie James Rodriguez 43
70%
2017-2020 France Corentin Tolisso 41
69%
2010-2014 Allemagne Toni Kroos 111
69%
2010-2015 Allemagne Bastian Schweinsteiger 125
66%
2015-2017 Brésil Douglas Costa 50
64%
2013-2016 Allemagne Mario Götze 75
64%
2012-2014 Croatie Mario Mandzukic 54
64%
2014-2017 Espagne Xabi Alonso 79
64%
2012-2016 Brésil Dante 86
61%
2017-2020 Allemagne Niklas Süle 66
60%
2019-2020 Brésil Philippe Coutinho 23
59%
2011-2019 Brésil Rafinha 179
59%
2019-2020 Croatie Ivan Perisic 22
57%
2010-2013 Allemagne Mario Gomez 86
57%
2015-2020 Allemagne Sven Ulreich 45
57%
2012-2015 Suisse Xherdan Shaqiri 52
51%
2014-2016 Maroc Medhi Benatia 29
47%
2016-2017, 2018-2020 Portugal Renato Sanches 35
45%
2010-2011 Allemagne Miroslav Klose 20
44%
2019-2020 Allemagne Jamal Musiala 1
43%
2014-2018 Espagne Juan Bernat 76
40%
2012-2015 Pérou Claudio Pizarro 50
38%
2010-2014 Belgique Daniel Van Buyten 59
35%
2010-2013 Brésil Luis Gustavo 64
31%
2010-2012 Croatie Ivica Olic 26
29%
2010-2017 Allemagne Holger Badstuber 86
27%
2019-2020 France Michaël Cuisance 9
25%
2010-2011 Turquie Hamit Altintop 14
23%
2012-2013 Allemagne Emre Can 4
22%
2010-2013 Ukraine Anatoliy Tymoschuk 65
21%
2019-2020 Pays-Bas Joshua Zirkzee 9
14%
2010-2011 Pays-Bas Marc van Bommel 13
14%
2019-2020 Etats-Unis Chris Richards 1
13%
2010-2014 Allemagne Diego Contento 40
13%
2014-2016 Allemagne Sebastian Rode 38
13%
2014-2015 Espagne Pepe Reina 3
12%
2017-2018 Allemagne Sebastian Rudy 25
12%
2019-2020 Espagne Alvaro Odriozola 3
11%
2012-2015 Danemark Pierre-Emile Hojbjerg 17
11%
2017-2019 Allemagne Sandro Wagner 21
11%
2012-2014, 2016-2018 Allemagne Tom Starke 10
10%
2010-2012 Allemagne Hans-Jörg Butt 24
9%
2010-2012 Croatie Danijel Pranjic 35
5%
2010-2011 Brésil Breno 13
4%
2017-2018 Allemagne Lars Lukas Mai 2
4%
2013-2015 Allemagne Mitchell Weiser 16
4%
2019-2020 Nouvelle-Zélande Sarpreet Singh 2
4%
2011-2012 Allemagne Nils Petersen 9
3%
2010-2011 Allemagne Andreas Ottl 15
2%
2010-2011 Pays-Bas Edson Braafheid 3
2%
2014-2015 Allemagne Gianluca Gaudino 8
2%
2013-2014 Allemagne Jan Kirchhoff 7
2%
2018-2019 Corée du Sud Jeong Woo-yeong 1
2%
2017-2018 Autriche Marco Friedl 1
2%
2019-2020 Allemagne Oliver Batista Meier 1
2%
2015-2016 Allemagne Serdar Tasci 3
2%
2011-2012 Japon Takashi Usami 3
2%
2010-2011 Allemagne Thomas Kraft 12
2%
2017-2018 Allemagne Franck Evina 2
1%
2017-2018, 2019-2020 Ghana Kwasi Okyere Wriedt 2
1%
2019-2020 Allemagne Leon Dajaku 2
1%
2013-2014 Allemagne Lukas Raeder 2
1%
2017-2019 Allemagne Meritan Shabani 2
1%
2015-2016 Serbie Milos Pantovic 1
1%
2017-2018 Allemagne Niklas Dorsch 1
1%
2014-2015 Allemagne Sinan Kurt 1
1%
2013-2014 Autriche Ylli Sallahi 1
1%
Aucun quiz correspondant
Distribution des résultats
% des personnes avec chaque résultat
Percentile par nombre de réponses
Votre historique - résultats
Vous n’avez pas pris ce quiz